| 000 | 00662nam a2200217 a 4500 | ||
|---|---|---|---|
| 005 | 20240808063824.0 | ||
| 008 | 991125s1987 mx 000 0 spa u | ||
| 020 | _a9684961014 | ||
| 035 | _aUPN01000058517 | ||
| 049 | _aSEP | ||
| 050 | 4 |
_aSB191 M2 _bR7.7 |
|
| 100 | 1 | _aRuvalcaba Mercado, Jesús | |
| 245 | 1 | 0 |
_aVida cotidiana y consumo de maíz en la huasteca veracruzana / _cJesús Ruvalcaba Mercado. |
| 260 |
_aMéxico : _bCIESAS, _c1987. |
||
| 300 | _a92 p. | ||
| 440 | 0 |
_aCuadernos de la casa chata ; _v134 |
|
| 650 | 4 |
_aAGRICULTURA - _zVERACRUZ _92200 |
|
| 650 | 4 |
_aMaíz _xCultivo _95208 |
|
| 651 | 4 |
_aVERACRUZ - _xCONDICIONES SOCIALES |
|
| 905 | _aLibro | ||
| 999 |
_c58517 _d58517 |
||